Music Quiz

Random Music or Song Quiz

Longest Beatles Songs Quiz Stats

 Plays Quiz Updated Mar 30, 2014

     
Support Sporcle.
Go Orange.
Score 0/15 Timer 06:00
0 Plays Today
Length Song % Correct
7:05Hey Jude
86.1%
5:34A Day in the Life
61.9%
4:16Revolution 1
58.9%
8:22Revolution 9
56.9%
4:03Let It Be
52.2%
7:47I Want You (She's So Heavy)
47.2%
4:45While My Guitar Gently Weeps
41%
4:21Come Together
40.2%
Length Song % Correct
4:37I Am the Walrus
39.1%
4:11Strawberry Fields Forever
37.3%
4:30Helter Skelter
35.7%
5:05Within You Without You
32.2%
6:26It's All Too Much
16.6%
4:02You Never Give Me Your Money
15.9%
4:01Yer Blues
15.7%

From the Vault

Harry Potter Match-Up

by khands

No puns today. Let's keep things a bit more Sirius.
Remove Ads.
Support Sporcle.
Get the best of Sporcle when you Go Orange. This ad-free experience offers more features, more stats, and more fun while also helping to support Sporcle. Thank you for becoming a member.

Show Comments

Extras

Top Quizzes Today


Score Distribution

Your Account Isn't Verified!

In order to create a playlist on Sporcle, you need to verify the email address you used during registration. Go to your Sporcle Settings to finish the process.

Report this User

Report this user for behavior that violates our Community Guidelines.

Details: